| 000 | 00398nam a2200133 a 4500 | ||
|---|---|---|---|
| 005 | 20140414132035.0 | ||
| 008 | 110125s19uu xx 00 eng d | ||
| 050 |
_aTR _bIF9 1998 |
||
| 100 | _aNumeroff, Laura | ||
| 245 | _aIf you give a pig a pancake. | ||
| 260 |
_aNew York : _bLaura Geringer Book, _cc1998. |
||
| 520 | _aOne thing leads to another when you give a pig a pancake. | ||
| 999 |
_c113711 _d113711 |
||